Buchgalterskij učet v mestnoj promyšlennosti
Gespeichert in:
| 1. Verfasser: | |
|---|---|
| Format: | Buch |
| Sprache: | Russisch |
| Veröffentlicht: |
Moskva
Finansy i statistika
1988
|
| Ausgabe: | 1. izd. |
| Tags: |
Keine Tags, Fügen Sie das erste Tag hinzu!
|
MARC
| LEADER | 00000nam a2200000 4500 | ||
|---|---|---|---|
| 001 | c040620 | ||
| 005 | 20221219130009.2 | ||
| 041 | 0 | |a rus | |
| 044 | |a RU | ||
| 245 | 1 | 0 | |a Buchgalterskij učet v mestnoj promyšlennosti |c Aleksandr Arsen'jevič Šapošnikov |
| 250 | |a 1. izd. | ||
| 264 | 1 | |a Moskva |b Finansy i statistika |c 1988 | |
| 300 | |a 206 s. | ||
| 100 | 1 | |a Šapošnikov, Aleksandr Arsen'jevič | |